CNC Machines and Automotion (Record no. 8130)

MARC details
000 -LEADER
fixed length control field 00305nam a2200121Ia 4500
008 - FIXED-LENGTH DATA ELEMENTS--GENERAL INFORMATION
fixed length control field 191201s2014 xx 000 0 und d
100 ## - MAIN ENTRY--PERSONAL NAME
Personal name NARANG, J S
245 #0 - TITLE STATEMENT
Title CNC Machines and Automotion
250 ## - EDITION STATEMENT
Edition statement Rep
260 ## - PUBLICATION, DISTRIBUTION, ETC. (IMPRINT)
Date of publication, distribution, etc 2014
Name of publisher, distributor, etc Dhanpat Rai Pubns (P) Ltd
Place of publication, distribution, etc NEW DELHI
300 ## - PHYSICAL DESCRIPTION
Extent misc
942 ## - ADDED ENTRY ELEMENTS (KOHA)
Source of classification or shelving scheme Dewey Decimal Classification
Koha item type Text Books
942 ## - ADDED ENTRY ELEMENTS (KOHA)
-- 1
Holdings
Withdrawn status Lost status Source of classification or shelving scheme Damaged status Not for loan Collection code Home library Current library Date acquired Source of acquisition Cost, normal purchase price Bill Number Total Checkouts Full call number Acc. no. / Barcode Date last seen Date last borrowed Actual Cost, discounted price Bill Date Koha item type
    Dewey Decimal Classification     Diploma in Mechanical PIET C-LIBRARY PIET C-LIBRARY 12/01/2015 KIRTI PRAKASHAN, NEW DELHI 200.00 2076 1 621.91 NAC DE1217 02/04/2021 26/08/2020 154.00 12/01/2015 Text Books
    Dewey Decimal Classification     Diploma in Mechanical PIET C-LIBRARY PIET C-LIBRARY 17/02/2015 KIRTI PRAKASHAN, NEW DELHI 210.00 IN2226   621.91 NAC DE1237 04/12/2019   161.70 17/02/2015 Text Books
    Dewey Decimal Classification     Diploma in Mechanical PIET C-LIBRARY PIET C-LIBRARY 17/02/2015 KIRTI PRAKASHAN, NEW DELHI 210.00 IN2226 1 621.91 NAC DE1238 19/12/2019 09/12/2019 161.70 17/02/2015 Text Books
    Dewey Decimal Classification     Diploma in Mechanical PIET C-LIBRARY PIET C-LIBRARY 17/02/2015 KIRTI PRAKASHAN, NEW DELHI 210.00 IN2226   621.91 NAC DE1239 10/01/2020   161.70 17/02/2015 Text Books
    Dewey Decimal Classification     Diploma in Mechanical PIET C-LIBRARY PIET C-LIBRARY 17/02/2015 KIRTI PRAKASHAN, NEW DELHI 210.00 IN2226 1 621.91 NAC DE1240 02/02/2024 29/11/2023 161.70 17/02/2015 Text Books

Design & Developed by: PIET Central Library
R70 Miles Stone Pattikalyana Samalkha Panipat 132102
mail ID :- [email protected], Phone No:- 0180-2569700 Ex.216